[Event "Cacak"]
[Site "Cacak"]
[Date "1996.??.??"]
[Round "9"]
[White "Almasi, Zoltan"]
[Black "Georgiev, Kiril"]
[Result "1/2-1/2"]
[WhiteElo "2655"]
[BlackElo "2620"]
[Annotator "Alterman,B"]
[PlyCount "38"]
[EventDate "1996.11.??"]
[EventType "tourn"]
[EventRounds "9"]
[EventCountry "YUG"]
[EventCategory "13"]
[SourceTitle "CBM 057"]
[Source "ChessBase"]
[SourceDate "1997.04.01"]
[SourceVersion "1"]
[SourceVersionDate "1997.04.01"]
[SourceQuality "1"]

1. e4 c5 2. Nf3 d6 3. d4 cxd4 4. Nxd4 Nf6 5. Nc3 g6 6. Be3 Bg7 7. f3 Nc6 8. Qd2
O-O 9. O-O-O d5 10. exd5 Nxd5 11. Nxc6 bxc6 12. Bd4 Bxd4 13. Qxd4 Qc7 $5 14.
Qc5 $6 (14. Bc4 $1 Nxc3 (14... Nb6 15. Be2 c5 16. Nb5 Qc6 17. Qe5 Ba6 18. Nc3
Bxe2 19. Qxe2 Rab8 20. Qxe7 Nc4 21. b3 Rfe8 22. Nd5 $1 Kg7 23. Qc7 $16 {
1-0 Brodsky,M-Hodgson,Ju/Isle of Man op (08) 1996 (42)}) 15. Qxc3 $14) 14...
Qf4+ (14... Nxc3 15. Qxc3 Be6 16. Kb1 Rfd8 $10) 15. Kb1 (15. Rd2 Nxc3 16. Qxc3
$10) 15... Bf5 16. Nxd5 (16. Qxc6 $4 {White will choke on that pawn} Bxc2+ $1)
16... cxd5 17. Qxd5 (17. Qxe7 $2 Bxc2+ 18. Kxc2 Qa4+ 19. Kd2 Rac8 $1 20. Bd3
Qa5+ 21. Ke2 Rfe8 $19) 17... Rab8 18. Bc4 (18. Rd4 Qc7 (18... Qe3 19. Bd3 e5
20. Rc4 Rbd8 21. Qc5 Qd2 22. Rc3 Qxg2 23. Rg1 $10) 19. Qc4 Qb6 20. Qc3 Rfc8 21.
Rc4 Rd8 $44) (18. Qd4 Bxc2+ $1 19. Ka1 Qc7 20. Rc1 Rfd8 $17) 18... Qc7 (18...
Be6 19. Qd4 Qxd4 20. Rxd4 Rb4 21. b3 Bxc4 22. a3 $1 $16) 19. Bb3 Rbd8 (19...
Be6 20. Qg5 Bxb3 21. cxb3 Rfc8 $14) (19... Rbd8 20. Qc4 Qxh2 21. Qe2 Rxd1+ 22.
Rxd1 Qc7 $132) 1/2-1/2

[Event "Koop Tjuchem"]
[Site "Groningen"]
[Date "1996.??.??"]
[Round "4"]
[White "Leko, Peter"]
[Black "Hodgson, Julian M"]
[Result "1/2-1/2"]
[WhiteElo "2630"]
[BlackElo "2550"]
[Annotator "Alterman,B"]
[PlyCount "77"]
[EventDate "1996.12.20"]
[EventType "tourn"]
[EventRounds "11"]
[EventCountry "NED"]
[EventCategory "16"]
[SourceTitle "CBM 057"]
[Source "ChessBase"]
[SourceDate "1997.04.01"]
[SourceVersion "1"]
[SourceVersionDate "1997.04.01"]
[SourceQuality "1"]

1. e4 c5 2. Nf3 d6 3. d4 cxd4 4. Nxd4 Nf6 5. Nc3 g6 6. Be3 Bg7 7. f3 O-O 8. Qd2
Nc6 9. O-O-O d5 10. Qe1 e6 11. h4 Qc7 12. exd5 (12. h5 Nxh5 13. g4 Nxd4 14.
Bxd4 Qf4+ 15. Be3 Qxf3 16. Rg1 d4 17. Bxd4 e5 18. Bc5 Bxg4 19. Rd3 Qf4+ {
1-0 Liss,E-Hartung Nielsen,J/Copenhagen Politiken Cup (02) 1996 (29)}) 12...
Nxd5 (12... exd5 13. Qd2 Re8 (13... h5 14. Bf4 Qe7 15. Bg5 Qb4 16. Nb3 d4 17.
Nxd4 Nxd4 18. Qxd4 Qxd4 19. Rxd4 Nh7 20. Rb4 Nxg5 {1/2-1/2 Gallagher,J-Hodgson,
J/Bern Cup (01) 1996 (25)}) 14. Bf4 Qa5 15. Nb3 Qb4 16. a3 Qe7 17. Bg5 Be6 18.
Nb5 d4 {1-0 Dvoirys,S-Los,S/Groningen op (01) ;EXP 38 1993 (35)}) 13. Nxd5 exd5
14. Qd2 Re8 {/\ Rxe3} (14... Bxd4 15. Bxd4 Nxd4 16. Qxd4 $16) (14... h5 15. Nb5
Qe7 16. Bg5 Qe5 17. c3 Be6 18. Bf4 Qf6 19. Bg5 Qe5 20. Re1 Qb8 21. Bh6 Qd8 22.
Bxg7 Kxg7 23. Nd4 Qf6 24. Rd1 Rac8 25. Bb5 a6 26. Be2 Rfe8 27. Nxc6 {1/2-1/2
Kramnik,V-Alterman,B/URS-qualJ Sochi ;EXT 90 1990}) (14... Qe5 15. h5 Re8 16.
Bf2 Nxd4 17. Bxd4 Qxd4 18. Qxd4 Bxd4 19. Rxd4 Be6 $14 20. Bd3 {1-0 Dvoirys,
S-Alterman,B/Leeuwarden op (07) ;EXT 94op 1994 (40)}) 15. h5 Rxe3 16. Qxe3 Bxd4
$1 {Strong new move.White get's slight edge, but Black position however
defendable.} (16... Nxd4 $2 17. Rxd4 (17. Qe8+ Bf8 18. Rxd4 Bf5 19. Qa4 $16)
17... Bf5 {|^} 18. Bd3 (18. Rd2 d4 19. Qg5 d3 20. Bxd3 Qe5 $40) 18... Qb6 19.
Rhh4 $2 (19. c3 $142 Bxd4 20. cxd4 Rc8+ 21. Kb1 Qe6 22. Qd2 Bxd3+ 23. Qxd3 $10)
19... Be4 $1 20. Rdxe4 Qxb2+ 21. Kd1 dxe4 22. Rxe4 Qxa2 23. hxg6 hxg6 24. Re7 {
1/2-1/2 Shirov,A-Topalov,V/Dos Hermanas (04) ,CBM 53 1996 (29)}) 17. Rxd4 (17.
Qe8+ Kg7 18. h6+ Kf6 19. Rxd4 Nxd4) 17... Nxd4 18. Qxd4 (18. Qe8+ Kg7 19. h6+
Kf6 20. Qh8+ Ke7 (20... Kg5 $3 {Point of Black's idea.} 21. Qxd4 Qf4+ 22. Qxf4+
Kxf4 $15) 21. Qxd4 Be6 (21... Qb6 22. Qxd5 Be6 23. Qe4) 22. Bd3 Qg3 $14) 18...
Bf5 19. Bd3 Bxd3 20. Qxd3 Qe5 (20... Qc4 21. hxg6 hxg6 22. Qxc4 dxc4 $14) 21.
hxg6 hxg6 22. Rd1 Rd8 23. Qd4 Qxd4 24. Rxd4 {White has well-known but too
small for the winning advantage.} b6 $6 (24... Kf8 $14) 25. Kd2 (25. b3 Kg7 26.
c4 Kf6 27. cxd5 Ke5 28. Re4+ Kd6 29. Kd2 Rd7 30. Rd4 Ke5 $10) 25... Kg7 26. Kd3
Kf6 27. Rf4+ Ke6 28. Rh4 Ke5 (28... a5 $14) 29. Rh7 Rf8 30. g3 Ke6 31. c3 Re8 (
31... b5 $14) 32. Kd4 (32. a4 $14) 32... Kf6 (32... Rc8 33. b3 Re8) 33. Rh2 (
33. Kxd5 $6 Re2) 33... Re5 34. a4 (34. f4 Re1 35. Kxd5 Rg1) 34... Rf5 35. Rf2
Ke6 36. Re2+ Kd6 37. f4 Rh5 38. Re5 f6 39. Re8 (39. Rxh5 gxh5 40. f5 a6 41. b4
Kc6 $10) 1/2-1/2

[Event "Olympiad-36"]
[Site "Mallorca"]
[Date "2004.10.18"]
[Round "4"]
[White "Arizmendi Martinez, Julen Luis"]
[Black "Stanojoski, Zvonko"]
[Result "1-0"]
[WhiteElo "2531"]
[BlackElo "2506"]
[Annotator "Arizmendi,J"]
[PlyCount "79"]
[EventDate "2004.10.15"]
[EventType "team-swiss"]
[EventRounds "14"]
[EventCountry "ESP"]
[SourceTitle "CBM 104"]
[Source "ChessBase"]
[SourceDate "2005.01.27"]
[SourceVersion "1"]
[SourceVersionDate "2005.01.27"]
[SourceQuality "1"]
[WhiteTeam "Spain"]
[BlackTeam "Macedonia"]
[WhiteTeamCountry "ESP"]
[BlackTeamCountry "MKD"]

1. e4 c5 2. Nf3 Nc6 3. d4 cxd4 4. Nxd4 g6 5. Nc3 Bg7 6. Be3 Nf6 7. Bc4 O-O 8.
Bb3 d6 9. f3 Bd7 {Looking at my opponent´s games in the database I noticed he
was a fervent adherent of the Accelearated Dragon. So, it was easy to guess
what was coming, but which line should I chose? Finally I opted against 10.Qd2
Nxd4 11.Bxd4 b5, where Stanojoski had considerable experience.} 10. h4 $5 {
This has good surprise value, but after the game I began to have doubts as to
its true merits.} Nxd4 11. Bxd4 a5 (11... b5 12. Nd5 {Was played this year in
Ernesto Fernández-Illescas, Spanish Championship. White obtained an advantage
in that game, but I believe the Macedonian´s reaction was much stronger.}) 12.
a4 Be6 {This has been played in very few games, but it makes a lot of sense.
Generally speaking, Black should never allow his queenside to be frozen like
this, but here White will not manage to get his king to the ideal a2 shelter,
preventing any counterplay from Black. The tempo spent on 10.h4 is of vital
importance now. Furthermore, White no longer has the possibility to castle
short either, so I decided to stick to the first plan.} 13. Qd2 Bxb3 14. cxb3
Rc8 (14... Qc8 $1 {or}) (14... Qd7 $1 {is the correct idea, planning 15...Qe6.
Black should pressure b3 before White has time to bring his king to a2, and
this is the only way to do so.}) 15. O-O-O d5 $6 {I do not like this move
either. Now the bishop will be buried alive. Maybe my opponent was counting on
opening the diagonal with f6, but he never gets the chance.} ({This was the
last chance to get some play on the queenside by} 15... b5 $5 16. axb5 Qd7 17.
Kb1 Qe6 18. h5 $13) 16. e5 Nd7 17. f4 (17. e6 Nc5 $1 $17) 17... Nc5 $2 {
this leads to a strategically lost position for Black.} (17... e6 18. Qe3 $5 {
is better, although White should be slightly better now.} (18. Kb1 f6 19. h5
fxe5 20. fxe5 gxh5 21. Rxh5 Qe8 $1 22. g4 Qg6+ 23. Ka2 $13)) 18. Bxc5 Rxc5 19.
Kb1 e6 20. h5 Qb6 21. Nb5 Rfc8 22. Nd4 {Diagram [#]White has obtained the
ideal setup on the queenside, and now has all the time in the World to prepare
his attack.} R5c7 23. Qd3 f6 $6 {this only helps White, but it is logical to
try to get some counterplay.} 24. Qg3 fxe5 25. fxe5 Rf8 26. hxg6 h6 27. Rhe1 ({
Even better was} 27. Rh5 $1 Re7 28. Qh4 Ree8 29. g4 (29. Rc1 $18) 29... Rf4 (
29... Qc7 30. g5 $18) 30. Rxh6 Qc7 (30... Rxd4 31. Rh8+ Bxh8 32. Qh7+ Kf8 33.
Qf7#) 31. Rh5 Bxe5 32. Rh7 Bg7 33. Nf5 exf5 34. Rc1 Qd7 35. Rh1 Kf8 36. Rh8+
Bxh8 37. Qxh8+ Ke7 38. Qe5+ Kd8 39. Qxf4 $18) 27... Re7 28. Re3 $1 Ree8 29. Rf3
Qd8 $2 (29... Qb4 30. Ka2 Qe7 31. Rxf8+ Rxf8 32. Re1 $16) 30. Rxf8+ Bxf8 31.
Qf4 Qe7 32. Rf1 $18 Bg7 33. Qf7+ Kh8 34. Qxe7 ({This wins easily, but} 34. g4
$1 Bxe5 35. Nxe6 $1 $18 {was crushing.}) 34... Rxe7 35. Rf7 Re8 36. Nf3 Bf8 37.
Rxb7 Be7 38. Nd4 Bc5 39. Nc6 Rg8 $2 {A grave mistake in a desperate position.}
40. Rh7# 1-0

[Event "SRB Central-ch op-A 7th"]
[Site "Paracin"]
[Date "2014.07.05"]
[Round "2"]
[White "Atalik, Suat"]
[Black "Vucinic, Gojko"]
[Result "1-0"]
[WhiteElo "2550"]
[BlackElo "2313"]
[Annotator "Atalik,S"]
[PlyCount "55"]
[EventDate "2014.07.04"]
[EventType "swiss"]
[EventRounds "9"]
[EventCountry "SRB"]
[SourceTitle "CBM 163"]
[Source "ChessBase"]
[SourceDate "2014.11.11"]
[SourceVersion "1"]
[SourceVersionDate "2014.11.11"]
[SourceQuality "1"]

1. e4 c5 2. Nf3 d6 3. d4 cxd4 4. Nxd4 Nf6 5. Nc3 g6 {Gojko's Dragon provoked
me to start the game by a King's Pawn Opening.} 6. Be3 Bg7 7. f3 Nc6 8. Qd2 O-O
9. O-O-O d5 10. Nxc6 bxc6 11. Bh6 $5 {An idea of Mark Tseitlin.} Bxh6 $1 12.
Qxh6 Qb6 {The best among Black's choices.} (12... e5 13. Qg5 Qe7 14. f4 $1 h6 (
14... Re8 15. exd5 $1 Nxd5 16. Qxe7 Rxe7 17. Nxd5 cxd5 18. fxe5 Rxe5 19. Bd3
$16) 15. Qxe5 Qxe5 16. fxe5 Nxe4 17. Nxe4 dxe4 18. Bc4 Bf5 19. e6 $1 $16) 13.
h4 $5 (13. e5 Nd7 14. h4 Nxe5 15. h5 Bf5 16. g4 f6 $1 17. Qf4 (17. gxf5 $2 g5 {
traps the white queen.}) 17... Rab8 18. b3 Bd7 19. hxg6 hxg6 $13) 13... Rb8 14.
b3 Qb4 $146 (14... Qc5 15. Kb2 dxe4 16. Qg5 $1 {is White's main idea in this
opening.}) 15. Kb2 (15. Qe3 $6 Rd8 16. e5 Bf5 $1 $17) 15... dxe4 $6 {This
daring move is quite unexpected at least for me.} (15... d4 16. Ne2 e5 17. h5
Qe7 18. Qg5 Re8 19. hxg6 fxg6 $13) 16. h5 exf3 17. hxg6 fxg6 18. Rh4 $6 {
This natural move actually results in helping Black to organise his defensive
formation.} (18. Bd3 $142 fxg2 19. Bxg6 $3 gxh1=Q 20. Bxh7+ Nxh7 21. Qg6+ Kh8
22. Rxh1 $18 {is the motif I have missed.}) 18... Qc5 19. Ne4 (19. Bc4+ e6 20.
gxf3 Qe7 $13) 19... Qe5+ 20. c3 {I was in between} ({and} 20. Kb1 {which does
not expose the second rank.} Rb7 21. Nxf6+ exf6 22. gxf3 Be6 23. Re4 Qf5 24.
Ba6 Rbf7 25. Bd3 Qxf3 26. Rg1 Bf5 27. Re3 Qf2 28. Rf1 Qg2 29. Rxf5 gxf5 30. Bc4
Qg6 31. Qh2 f4 32. Qxf4 Kh8 33. Bxf7 Qxf7 34. Qd4 $44 {White has compensation
nothing more.} Re8 35. Rxe8+ Qxe8 36. Qxf6+ Kg8 $11 {proves that Black could
even give thepawn back.}) 20... Rb7 21. Nxf6+ $5 (21. Bc4+ e6) (21. Ba6 Rc7 22.
Ng5 e6 23. Nxf3 Qc5 24. Bxc8 Rfxc8 25. Rhd4 $44) (21. Ng5 e6 22. Nxf3 Qc5)
21... exf6 22. gxf3 Be6 $1 {This turns out to be only move} ({since} 22... f5
$6 {is met by the beautiful swing of the attack with} 23. Rh2 $3 Qg7 (23... Be6
$2 24. Re2 Qf6 25. Rd6) 24. Bc4+ Kh8 25. Qg5 f4 26. Rd6 Bf5 27. Rxc6 $16) 23.
Re4 (23. Ba6 Rbf7 24. Re4) 23... Qf5 24. Ba6 (24. Bd3 Qh3 25. Qf4 Bd5 26. Bc4
Bxc4 27. Rxc4 $44) (24. Rxe6 $2 Qxe6 25. Bc4 Qxc4 $1 $19 {The pin talks!})
24... Rbb8 $2 {The completely wrong direction!} (24... Re7 $2 25. Rxe6 Rxe6 26.
Bc4 $1 (26. Rd7 $2 Re2+ 27. Bxe2 Qxd7 28. Bc4+ Rf7 $17)) (24... Rbf7 $1 25. Re3
$44 {and the fight continues.}) 25. Rh1 Rf7 26. Rhe1 $1 $18 Bd5 $2 $138 ({
Even after the forced} 26... Re8 $8 27. Bc4 Rfe7 28. Qd2 $1 $18 {Black loses
immediately.}) 27. Re8+ Rf8 28. Qxf8# 1-0

[Event "Linares Anibal op 04th"]
[Site "Linares"]
[Date "1997.??.??"]
[Round "2"]
[White "Becerra Rivero, Julio"]
[Black "Gallego Jimenez, Victoriano"]
[Result "1/2-1/2"]
[WhiteElo "2510"]
[BlackElo "2395"]
[Annotator "Atlas,V"]
[PlyCount "111"]
[EventDate "1997.02.??"]
[EventType "swiss"]
[EventRounds "10"]
[EventCountry "ESP"]
[SourceTitle "CBM 058"]
[Source "ChessBase"]
[SourceDate "1997.06.01"]
[SourceVersion "1"]
[SourceVersionDate "1997.06.01"]
[SourceQuality "1"]

1. e4 {Schulz,A Ftacnik Baburin} c5 2. Nf3 d6 3. d4 cxd4 4. Nxd4 Nf6 5. Nc3 g6
6. Be3 Bg7 7. f3 O-O 8. Qd2 Nc6 9. O-O-O d5 10. exd5 ({Erfolgversprechende
moderne Versuche sind die Züge} 10. Qe1 {Schulz,A und}) (10. Kb1 $5 {Schulz,A})
10... Nxd5 11. Nxc6 bxc6 12. Bd4 Nxc3 {Wird eher selten gespielt.} ({In
letzter Zeit wurde auch wieder häufiger mit} 12... Bxd4 {Schulz,A} 13. Qxd4 Qb6
{experimentiert (s.CBM 57)} (13... Qc7)) (12... e5 {Schulz,A} 13. Bc5 Be6 14.
Ne4 {ist die Hauptvariante.}) 13. Qxc3 Bh6+ 14. Be3 (14. Kb1 $4 {Schulz,A} e5
$19) 14... Bxe3+ 15. Qxe3 Qb6 16. Qxe7 Be6 17. Qa3 Rad8 {[#] Does this Rook
belong to d8? Along with 17...a5 and 17...Qf2 Black tried 17...Rfd8 in the
position at the diagram - cf. Kasparov,G-Topalov,V/Amsterdam Euwe-mem (05) ;
CBM 47 1995} (17... Rfd8 {Schulz,A} 18. Ba6 c5 19. Be2 c4 20. f4 Rd4 21. Rxd4
Qxd4 22. g3 c3 23. Qxc3 Qxc3 24. bxc3 Bxa2 25. Kb2 Be6 26. c4 {1-0 Kasparov,
G-Topalov,V/Amsterdam Euwe-mem 1995 (41)}) 18. Re1 $5 (18. Ba6 c5 19. Be2 {
by analogy with Kasparov-Topalov was worth considering.}) 18... Rfe8 19. Bd3 c5
20. Qa4 Rb8 21. b3 Red8 {White got a few extra tempos but to use them is not a
simple task.} 22. Qa6 (22. Z0 {Schulz,A} c4 $140 23. Bxc4 Qd4 24. Bxe6 $4 Qa1#)
22... Qc7 {Baburin:[#] White is a pawn up, but Black has compensation for it -
he threatens to play ...Rb6 with a further ...c4, exposing the position of the
white king. Luckily for White, it's his turn to play and he can expose Black's
king, keeping his own safe by playing} 23. Rxe6 {This sacrifice changes the
character of the game but proves to be insufficient for win. Black has enough
recources to defend his position.} ({Weiß beseitigt die Drohung} 23. Z0 {
Schulz,A} c4 $140) 23... fxe6 24. Qxe6+ {Mit zwei Bauern für Qualität hat Weiß
keinen Grund zu klagen. Außerdem kann er mit h4-h5 den Bd3 und Rh1 gut ins
Spiel bringen.} Kg7 (24... Qf7 25. Qe5 Qg7) 25. h4 {Baburin: Two pawns for the
exchange and the possibilty to attack the enemy's monarch determines White's
advantage here.} Re8 26. Qc4 Qe5 27. Kb1 Rbd8 (27... Rb4 28. Qa6 Re7 29. g4 $40
) 28. h5 gxh5 (28... g5) (28... Rd4 {Schulz,A} 29. Qa6 {[%csl Ra7,Rg6]}) 29. f4
Qd4 30. Qxd4+ cxd4 (30... Rxd4 31. Rxh5 h6 32. Rxc5 Rxf4 33. Kb2 Re7) (30...
Rxd4 {Schulz,A sieht für mich natürlicher aus.}) 31. Rxh5 {In diesem Endspiel
kann es nur darum gehen, ob Weiß gewinnt oder Schwarz ein Remis schafft.
Vielleicht sollte Weiß erstmal einen Freibauern am Damenflügel machen und vor
allem den König ins Spiel bringen.} h6 32. Ra5 Re7 33. Ra6 h5 34. Rg6+ Kf8 35.
Rh6 Rg7 36. Bg6 Rd6 (36... Rd5 $142 {Schulz,A Baburin}) 37. f5 Ke7 ({Baburin:
now} 37... Rd5 {Schulz,A fails because of} 38. f6 Rg8 39. Bd3 $1 $18) 38. Rxh5
Kf6 39. Rh3 {Baburin: Here White goes wrong, trying to prevent ...d3, but
allowing the blockade of his pawns on the king side.} (39. g4 {was an
alternative her stronger. Black consolidates the situation by} Ke5 (39... Z0 {
Schulz,A} 40. g5+ $140) 40. g5 Kf4 {After the text White is not anymore
capable to advance his K-side pawns.}) ({Baburin: The more natural} 39. g4 $1 {
Schulz,A followed by a further g5+, Rh6 and f6, would have given White with
excellent winning chances.}) 39... Rgd7 40. Rd3 Re7 41. Rd2 Re1+ 42. Kb2 Re3
43. g4 Kg5 44. Bh5 Rg3 45. Rf2 Re3 {A fortunate position of the black king
allows Black to successfully block the tied advanced pawns and retain equal
chances.} 46. Bf7 d3 $1 (46... Kxg4 {The simplest decision. Black could also
play} 47. f6 Kg3 (47... d3 $2 {bad is} 48. Bh5+ $1 Kxh5 49. f7 Rd8 50. f8=Q
Rxf8 51. Rxf8 Re2 52. Rc8 {/\Rc3}) 48. Rf5 Rf3 49. Rxf3+ $140 Kxf3 50. Bh5+ Kf4
51. f7 Rf6 {, and Kg5.}) 47. cxd3 Rexd3 48. Be6 Rd2+ {After the rook exchange
White is deprived of winning chances.} 49. Rxd2 Rxd2+ 50. Ka3 Rd4 51. b4 Rxg4
52. Ka4 Rg3 53. b5 Kf6 54. Kb4 Ke5 55. a4 Kd6 56. a5 (56. a5 {Schulz,A} Rg4+
57. Kb3 (57. Bc4 Rf4 $11) 57... Kc5 $11) 1/2-1/2

[Event "Varna-21"]
[Site "Varna"]
[Date "1982.05.29"]
[Round "13"]
[White "Donchev, Dimitar I"]
[Black "Semkov, Semko"]
[Result "1-0"]
[WhiteElo "2430"]
[BlackElo "2395"]
[Annotator "Belov,I"]
[PlyCount "99"]
[EventDate "1982.05.15"]
[EventType "tourn"]
[EventRounds "13"]
[EventCountry "BUL"]
[EventCategory "7"]
[SourceTitle "MCL"]
[Source "ChessBase"]
[SourceDate "1999.07.01"]
[SourceVersion "1"]
[SourceVersionDate "1999.07.01"]
[SourceQuality "1"]

1. e4 c5 2. Nf3 d6 3. d4 cxd4 4. Nxd4 Nf6 5. Nc3 g6 6. Be3 Bg7 7. f3 O-O 8. Qd2
Nc6 9. O-O-O d5 10. h4 $5 dxe4 11. h5 Nxd4 $1 (11... Nxh5 $2 12. g4 Ng3 (12...
e5 13. Nxc6 Qxd2+ 14. Rxd2 bxc6 15. gxh5 exf3 16. hxg6 hxg6 17. Ne4 Bg4 18. Bg5
$18 {Rasidovic,S-Wagman,S/Biel op/1992/}) (12... Nxd4 13. gxh5 e5 14. hxg6 hxg6
15. Qh2 Re8 16. Qh7+ Kf8 17. Bh6 Bxh6+ 18. Qxh6+ Ke7 19. Nxe4 Bf5 20. Qh4+ Kd7
21. Qxd8+ Rexd8 22. c3 $18 {Rasidovic,S-Jovcic,M/JUG/1981/}) 13. Qh2 $1 Nxh1
14. Nxc6 $16) 12. Bxd4 (12. hxg6 $6 e5 $1 (12... Ne6 13. gxf7+ Kh8 14. Qf2 Qa5
15. Qh4 $36) 13. gxf7+ Rxf7 14. Bc4 Be6 $17) 12... e5 $1 (12... exf3 13. hxg6
hxg6 14. gxf3 $16) (12... Nxh5 13. Qf2 $5 Bxd4 14. Rxd4 Qb6 15. Nxe4 $146) 13.
Bxe5 Qxd2+ 14. Rxd2 e3 (14... Nxh5 15. Bxg7 Kxg7 16. Nxe4 $14) 15. Rd3 Nxh5 16.
Bxg7 Kxg7 17. Rxe3 Ng3 18. Rg1 Nxf1 (18... Be6 $10) 19. Rxf1 h5 (19... Be6 $5)
20. Ne2 $1 Be6 (20... Rd8 21. c3 Be6 22. Nd4 Bd5 23. b3 $14) 21. Nd4 Bd5 22. b3
$14 Rfe8 23. Rfe1 Rxe3 24. Rxe3 Rd8 (24... Kf6 $5 25. c4 Bc6 26. Nxc6 bxc6 $14)
25. Rd3 Rd7 (25... Kf6 26. c4 Bc6 27. Kd2 Ke7) 26. c4 Bc6 27. Kd2 Rc7 $6 28. b4
b6 $6 (28... Bd7 $142 29. c5 Kf6) 29. Nxc6 Rxc6 30. Kc3 Kf6 31. c5 $1 $16 bxc5
(31... b5 32. Rd7 a6 33. Kd4 $18) 32. b5 Re6 (32... Rc7 33. Kc4 Ke6 34. Rd5 $16
) 33. Rd2 $1 (33. Kc4 Re2 $14) 33... Ke7 $6 (33... Kf5 $5 34. Kc4 g5 35. Kxc5
g4 $132) 34. Kc4 Rd6 35. Re2+ Kd7 36. Kxc5 Rd1 37. a4 Rb1 38. Rc2 $1 Kc7 $6 (
38... g5 $5) 39. Kd5+ Kd7 $6 (39... Kb7 40. Ke5 Rb4 41. Kf6 $16) 40. Rc6 $1 $18
Rd1+ 41. Ke5 Rd2 42. Ra6 Rxg2 43. Rxa7+ Kc8 44. Rxf7 h4 (44... Ra2 45. Rf4 g5
46. Rc4+ Kd7 47. Kf5 $18) 45. a5 h3 46. a6 h2 47. a7 Ra2 48. b6 $1 Ra5+ (48...
h1=Q 49. b7+ Kd8 50. b8=Q#) 49. Kd6 Ra6 50. Rf8+ 1-0

[Event "Olympiad-32"]
[Site "Yerevan"]
[Date "1996.09.24"]
[Round "8.4"]
[White "Palac, Mladen"]
[Black "Hodgson, Julian M"]
[Result "1-0"]
[WhiteElo "2540"]
[BlackElo "2550"]
[Annotator "Belov,I"]
[PlyCount "69"]
[EventDate "1996.09.15"]
[EventType "team-swiss"]
[EventRounds "14"]
[EventCountry "ARM"]
[SourceTitle "CBM 055"]
[Source "ChessBase"]
[SourceDate "1996.12.01"]
[SourceVersion "1"]
[SourceVersionDate "1996.12.01"]
[SourceQuality "1"]
[WhiteTeam "Croatia"]
[BlackTeam "England"]
[WhiteTeamCountry "CRO"]
[BlackTeamCountry "ENG"]

1. e4 c5 2. Nf3 d6 3. d4 cxd4 4. Nxd4 Nf6 5. Nc3 g6 6. Be3 Bg7 7. f3 O-O 8. Qd2
Nc6 9. O-O-O d5 10. Kb1 $5 Nxd4 (10... Rb8 11. Nb3 (11. Be2 $5 Nxd4 12. Bxd4
dxe4 13. Qe3 $36 {Ernst/}) 11... dxe4 12. Qxd8 Rxd8 13. Rxd8+ Nxd8 14. Bxa7 Ra8
15. Bb6 Bf5 16. Be2 Nc6 17. Rd1 Nd7 18. Bd4 {Milov,L-Ovseevich,S/Nikolaev zt/
1993/}) 11. e5 $1 Nxf3 (11... Nd7 12. Bxd4 Nxe5 (12... e6 13. f4 a6 14. h4 b5
15. h5 b4 16. Na4 a5 17. g4 $36 {Kaminski,U-Sievers,S/GER/1995/0,5/38/}) 13.
Qe3 Nd7 (13... Nc6 14. Bxg7 Kxg7 15. Nxd5 Qa5 16. b4 $1 $16 {Milov,L-Golubev,M/
Biel op/1994/0,5/26/}) 14. Bxg7 Kxg7 15. Nxd5 e6 16. Nc3 Qb6 17. Qd2 Nf6 18.
Qg5 $14 {Landa,K-Tolnai,T/Balatonbereny/1995/0,5/50/}) 12. gxf3 Nh5 13. Qxd5
Qxd5 (13... Qc7 14. f4 Bg4 15. Be2 Bxe2 16. Nxe2 Rad8 $6 (16... e6 $142 {Wahls/
}) 17. Qc5 Qxc5 18. Bxc5 $16 {Brodsky,M-Marin,M/Bucharest/1995/0,5/21/}) 14.
Nxd5 Bxe5 15. Nxe7+ (15. Bc5 Nf4 16. Bxe7 Re8 17. Nf6+ Bxf6 18. Bxf6 $14) 15...
Kg7 16. Rd5 $1 Bf6 (16... Kf6 17. Rb5 $5) 17. Nxc8 Rfxc8 18. Bd3 $16 Rc7 19.
Be4 a6 20. Rg1 $1 Kh8 (20... Kf8 $5) 21. Rgd1 Re8 22. a4 (22. Rd7 Re7 23. Rd8+
Kg7) 22... Bh4 23. Bb6 $1 Rc6 (23... Rce7 24. Rd7 Nf6 25. Rxe7 Rxe7 26. Rd8+
Kg7 27. Bc5 Rd7 $5 28. Rxd7 Nxd7 29. Bd4+ Bf6 30. Bxf6+ Kxf6 31. Bxb7 Nc5 32.
Bc8 $16) 24. Bd4+ Bf6 25. Rd7 $16 Rc4 26. Bxb7 Rxa4 27. Bxf6+ Nxf6 28. Rxf7 Rf4
(28... Nh5 29. Bc6 $18) 29. Rd6 Nh5 30. Rxf4 Nxf4 31. Bxa6 $18 Re3 32. b4 Rxf3
33. b5 Ne2 34. b6 Nc3+ 35. Kc1 1-0